| 000 | 00342nam a2200097Ia 4500 | ||
|---|---|---|---|
| 082 | _a349.68 MURR | ||
| 245 | 0 | _aWhat every family should know about the law in South Africa : a practical guide | |
| 100 |
_a MURRAY, James Gardenview, [South Africa], 2002 5th rev. ed _968178 |
||
| 942 | _cBK | ||
| 008 | 210817s9999 xx 000 0 und d | ||
| 999 |
_c220282 _d220282 |
||